Normal view
MARC view
- Ahmad, Bashir
Entry Personal Name
001 - CONTROL NUMBER
- control field: 28792
003 - CONTROL NUMBER IDENTIFIER
- control field: NUST
005 - DATE AND TIME OF LATEST TRANSACTION
- control field: 20200304125040.0
008 - FIXED-LENGTH DATA ELEMENTS
- fixed length control field: 200304|| aca||aabn | a|a d
040 ## - CATALOGING SOURCE
- Original cataloging agency: NUST
- Transcribing agency: NUST
100 ## - HEADING--PERSONAL NAME
- Personal name: Ahmad, Bashir
670 ## - SOURCE DATA FOUND
- Source citation: Work cat.: (NUST): Ahmad, Bashir, High Performance Anti-Corrosion Polyester Coatings on Mild Steel Mixed Acid Storage Tank /, 2017.
